| 000 | 00451nam a2200181Ia 4500 | ||
|---|---|---|---|
| 008 | 230524s9999 xx 000 0 und d | ||
| 020 | _a9789382332879 | ||
| 082 |
_a624.1821 _bBHA |
||
| 100 | _aS.S.Bhavikatti | ||
| 245 | 0 | _aSteel Table with plastic modulus of I.S. Sections | |
| 250 | _a2 | ||
| 260 |
_aNew Delhi _bIK _c2015 |
||
| 300 | _a"vii,64p;" | ||
| 500 | _aQuantity Number: 50 | ||
| 650 | _aCivil | ||
| 700 | _aK.V.Pramod | ||
| 942 | _cBK | ||
| 999 |
_c58681 _d58681 |
||